Temas de derecho administativo / (Record no. 44055)

MARC details
000 -LEADER
campo de control de longitud fija 00433nam a2200145 i 4500
001 - NÚMERO DE CONTROL
campo de control 44055
003 - IDENTIFICADOR DE NÚMERO DE CONTROL
campo de control ES-MaACL
007 - CAMPO FIJO DE DESCRIPCIÓN FÍSICA--INFORMACIÓN GENERAL
campo de control de longitud fija t|
008 - DATOS DE LONGITUD FIJA--INFORMACIÓN GENERAL
campo de control de longitud fija 030320s1978 sp ||||1| spa d
100 1# - ENTRADA PRINCIPAL--NOMBRE DE PERSONA
Nombre de persona Cazorla Prieto, Luis María.
9 (RLIN) 37254
245 10 - MENCIÓN DEL TÍTULO
Título Temas de derecho administativo /
Mención de responsabilidad, etc. Luis María Cazorla Prieto.
260 ## - PUBLICACIÓN, DISTRIBUCIÓN, ETC.
Lugar de publicación, distribución, etc. [Madrid] :
Nombre del editor, distribuidor, etc. Ministerio de Hacienda,
Fecha de publicación, distribución, etc. [1978]
300 ## - DESCRIPCIÓN FÍSICA
Extensión 620 p. ;
Dimensiones 24 cm.
852 ## - LOCALIZACIÓN
Ubicación ES-MaACL
Número de control de estantería L-4609
Sublocalización o colección R.105379
Holdings
Estatus retirado Estado de pérdida Estado de daño No para préstamo Biblioteca de origen Biblioteca actual Ubicación en estantería Fecha de adquisición Fuente de adquisición Total de préstamos Signatura topográfica completa Código de barras Visto por última vez Precio de reemplazo Tipo de ítem Koha
        Biblioteca del Ateneo de Madrid Biblioteca del Ateneo de Madrid Depósito 2 17/01/2008     L-4609 1046368 23/02/2023 23/02/2023 Libro impreso